000 00355nam a22001577a 4500
003 OSt
008 240130b |||||||| |||| 00| 0 eng d
020 _a9781788392501
082 _a005.84 MOL
100 _aMONNAPPA,KA
245 _aLearning Malware Analysis
250 _a1st Ed
260 _aMumbai
_bPackt
_c2018
300 _a494
942 _2ddc
_cREF
999 _c12206
_d12206